| 000 | 00745cam a22002413a 4500 | ||
|---|---|---|---|
| 001 | 24633 | ||
| 003 | PGUSA | ||
| 005 | 20140828083529.0 | ||
| 008 | 080218s2008||||xxu|||||s|||||000 | eng d | ||
| 040 |
_aPGUSA _beng |
||
| 042 | _adc | ||
| 050 | 4 | _aBX | |
| 100 | 1 | _aStoney, Constance | |
| 245 | 1 | 0 |
_aEarly Double Monasteries : _bA Paper read before the Heretics' Society on December 6th, 1914 _h[electronic resource] / _cConstance Stoney |
| 260 |
_bProject Gutenberg, _c2008 |
||
| 506 | _aPublic domain in the USA. | ||
| 516 | _aElectronic text | ||
| 653 | _aSpeeches, addresses, etc. | ||
| 653 | _aMonasticism and religious orders | ||
| 830 | 0 |
_aProject Gutenberg _v24633 |
|
| 856 | 4 | 0 | _uhttp://www.gutenberg.org/ebooks/24633 |
| 942 | _cEB | ||
| 999 |
_c253888 _d253888 |
||